| 000 | 006690000a22002290004500 | ||
|---|---|---|---|
| 090 |
_aAR _b01994 |
||
| 245 | 1 | 0 | _aChemical deference in termites - ecological aspects |
| 650 | 1 | 4 |
_aEcología _992250 |
| 650 | 1 | 4 |
_aHormigas _992499 |
| 650 | 1 | 4 |
_aFisiología animal _99500 |
| 650 | 1 | 4 |
_aEntomología _94483 |
| 650 | 1 | 4 |
_aEtología _97606 |
| 651 | 4 |
_pBrasil _992749 |
|
| 653 | _gSyntermes | ||
| 653 |
_gArmitermes _eArmitermes euamignathus |
||
| 653 |
_gTermes _eTermes bolivianus |
||
| 041 | 0 | _aInglés | |
| 700 | 1 |
_aHowse, P. E. _995437 |
|
| 100 | 1 |
_aColes de Negret, H. R. _995438 |
|
| 942 | _cARTICULO | ||
| 773 | 1 |
_tSocial Infect in the Tropics _3670 _q21-29 _d1983 _g2 |
|
| 999 |
_c11071 _d11071 |
||